01142 2200337 4500001002100000005001500021035002000036007000300056008004100059020002200100082000800122084001400130100002900144245014600173250001800319300004600337500003400383700003800417700002700455700004500482700002700527700003700554504002500591504002500616504002500641600001900666264004500685336002100730337003000751338002300781INLIS00000000000010220240503105041 a0010-0524000003ta240503 0 ind  a978-602-427-106-0 a600 a600 UTA b0 aUtami WidiatiePengarang1 aBahasa Inggris SMA/SMK Kelas XII /cUtami Widiati; Zuliati Rohmah; Furaidah; Penelaah, Emi Emilia; Helena Indyah Ratna Agustien; Tri Wiranto; aCetakan kedua aviii, 176 :bIlustrasi ;c25 cm x 17,5 cm aJumblah buku yang tersedia 200 aRasti Setya AnggrainiePenyunting0 aEmi EmiliaePenyunting0 aHelena Indyah Ratna AgustienePenyunting0 aTri WirantoePengarang0 aRresi Yandhi TimosiaeIlustrator aBibliografi; 160-167 aBibliografi; 168-169 aBibliografi; 170-176 4aBahasa Inggris aJakarta :bMasmedia Buana Pustaka,c2018 2rdacontentaTeks 2rdamediaaTanpa Perantara 2rdacarrieraVolume